000 00455nam a22001457a 4500
005 20180801132516.0
020 _a8120325729
_c95.00
035 _aB-127283, B-127285
037 _aDPL
_bENG
100 _aBarone, Charles A.
245 _aRadical political economy :
_bA concise introduction /
_cby Charles A. Barone
260 _aNew Delhi
_bPrentice-Hall of India
_c2004
300 _aix, 177p.
_c18 cms.
942 _2ddc
_cEN
_h335.437
_mBAR
999 _c66441
_d66441